Introducció al crèdit agrícola : conferència donada el dia 12 de desembre del 1936 ... / Pere Mas i Perera conferència donada el dia 12 de desembre del 1936 ... / Pere Mas i Perera
Descripción Física:
8 p. ; 24 cm
Otros Autores:
Catalunya. Direcció General d'Agricultura
Materias:
Crèdit agrícola -- Catalunya
MARC
| LEADER | 00000nam a2200000Ia 4500 | ||
|---|---|---|---|
| 001 | 8251 | ||
| 008 | 160829s1937 xx 000 0 cat d | ||
| 080 | |a RF-6-9 | ||
| 100 | |a Mas i Perera, Pere |9 28178 | ||
| 245 | |a Introducció al crèdit agrícola : |b conferència donada el dia 12 de desembre del 1936 ... / Pere Mas i Perera | ||
| 260 | |a Barcelona : |b Generalitat de Catalunya, Direcció General d'Agricultura, |c 1937 | ||
| 300 | |a 8 p. ; |c 24 cm | ||
| 590 | |a Extret del 'Butlletí del Departament d'Agricultura', núm. 5 | ||
| 650 | |a Crèdit agrícola |x Catalunya |9 28179 | ||
| 700 | |a Catalunya. Direcció General d'Agricultura |9 26874 | ||
| 856 | 4 | |u https://media.diba.cat/diba/fitxers/arxiu/fulletons/bib_8251_1937_baixa.pdf |y Accés lliure | |
| 856 | 4 | |u https://media.diba.cat/diba/fitxers/arxiu/fulletons/bib_8251_1937_baixa.pdf |y Accés lliure | |
| 901 | |a Arxiu | ||
| 942 | |n 1 |2 udc | ||
| 952 | |0 0 |1 0 |4 0 |6 RF69 |7 1 |9 44708 |a Arxiu |b Arxiu |d 2016-12-01 |l 0 |o RF-6-9 |p 8251 |r 2016-12-01 00:00:00 |w 2016-12-01 |y ARXIU | ||
| 999 | |c 47289 |d 47289 | ||
| 900 | |a bib_8251_1937_baixa.pdf | ||